[Event "Reunion op 13th"]
[Site "St Denis"]
[Date "2011.10.02"]
[Round "3"]
[White "Dalleau, Philippe"]
[Black "Akshat, Khamparia"]
[Result "0-1"]
[WhiteElo "1862"]
[BlackElo "2404"]
[PlyCount "25"]
[EventDate "2011.10.01"]
[EventType "swiss"]
[EventRounds "9"]
[EventCountry "RUF"]
[SourceTitle "EXT 2012"]
[Source "ChessBase"]
[SourceDate "2011.11.24"]
[SourceVersion "1"]
[SourceVersionDate "2011.11.24"]
[SourceQuality "1"]

1. c4 Nf6 2. g3 g6 3. Bg2 Bg7 4. Nc3 0-0 5. e3 c5 6. Nge2 d6 7. 0-0 Nc6 8. h3 e5 9. d3 Be6 10. a3 d5 11. cxd5 Nxd5 12. Ne4 b6 13. Ng5 0-1

[Event "Reunion op 12th"]
[Site "St Denis"]
[Date "2010.10.10"]
[Round "2"]
[White "Dalleau, Philippe"]
[Black "Shoker, Samy"]
[Result "0-1"]
[WhiteElo "1862"]
[BlackElo "2458"]
[PlyCount "56"]
[EventDate "2010.10.09"]
[EventType "swiss"]
[EventRounds "9"]
[EventCountry "RUF"]
[SourceTitle "CBM 138 Extra"]
[Source "ChessBase"]
[SourceDate "2010.10.29"]
[SourceVersion "1"]
[SourceVersionDate "2010.10.29"]
[SourceQuality "1"]

1. d4 g6 2. Nf3 Bg7 3. g3 c5 4. d5 Nf6 5. Bg2 0-0 6. 0-0 d6 7. c4 e6 8. Nc3 a6 9. a4 exd5 10. cxd5 Nbd7 11. h3 Re8 12. Nd2 Rb8 13. a5 Qc7 14. Nc4 b5 15. axb6 Nxb6 16. Nxd6 Qxd6 17. Bf4 Re5 18. e4 Nh5 19. Bxe5 Bxe5 20. f4 Bd4+ 21. Kh2 Nc4 22. e5 Qd8 23. Qe2 Ne3 24. Rfe1 Bb7 25. Bf3 Ng7 26. Ne4 Bxd5 27. Nf6+ Kh8 28. Bxd5 Nxd5 0-1

[Event "Reunion op 08th"]
[Site "Etang Sale"]
[Date "2006.10.20"]
[Round "8"]
[White "Dalleau, Philippe"]
[Black "Blard, Jerome"]
[Result "1/2-1/2"]
[WhiteElo "1830"]
[BlackElo "1883"]
[PlyCount "90"]
[EventDate "2006.10.14"]
[EventType "swiss"]
[EventRounds "9"]
[EventCountry "FRA"]
[SourceTitle "EXT 2007"]
[Source "ChessBase"]
[SourceDate "2006.11.23"]
[SourceVersion "1"]
[SourceVersionDate "2006.11.23"]
[SourceQuality "1"]

1. d4 d5 2. c4 e6 3. Nc3 Nf6 4. Bg5 Nbd7 5. e3 c6 6. Nf3 Qa5 7. Bxf6 Nxf6 8. Nd2 Bb4 9. Qc2 0-0 10. Be2 Re8 11. 0-0 Bxc3 12. bxc3 e5 13. dxe5 Rxe5 14. Nf3 Rh5 15. Nd4 Rh6 16. cxd5 Qxd5 17. Bf3 Qe5 18. g3 Bg4 19. Bxg4 Nxg4 20. Qf5 Qxf5 21. Nxf5 Rh5 22. Nh4 Rd5 23. Rab1 b6 24. Rb4 Ne5 25. Rd4 Rad8 26. Rfd1 g6 27. Kg2 Kf8 28. Nf3 Nxf3 29. Kxf3 Rxd4 30. cxd4 c5 31. d5 b5 32. e4 f6 33. Ke3 Ke7 34. f4 Kd6 35. Rd2 a5 36. g4 b4 37. h4 a4 38. g5 fxg5 39. e5+ Ke7 40. hxg5 c4 41. Kd4 c3 42. Rc2 Rc8 43. Kd3 Rc5 44. Kd4 Rc8 45. Kd3 Rc5 1/2-1/2

[Event "Reunion op 08th"]
[Site "Etang Sale"]
[Date "2006.10.19"]
[Round "7"]
[White "Henry, Laura"]
[Black "Dalleau, Philippe"]
[Result "0-1"]
[WhiteElo "1340"]
[BlackElo "1830"]
[PlyCount "52"]
[EventDate "2006.10.14"]
[EventType "swiss"]
[EventRounds "9"]
[EventCountry "FRA"]
[SourceTitle "EXT 2007"]
[Source "ChessBase"]
[SourceDate "2006.11.23"]
[SourceVersion "1"]
[SourceVersionDate "2006.11.23"]
[SourceQuality "1"]

1. e4 c5 2. Nf3 Nc6 3. d4 cxd4 4. Nxd4 Nf6 5. Nc3 d6 6. Bb5 Bd7 7. 0-0 g6 8. Re1 Bg7 9. Be3 0-0 10. Nd5 Nxe4 11. f3 Nf6 12. Nxf6+ Bxf6 13. c3 Nxd4 14. Bxd7 Nxf3+ 15. Qxf3 Qxd7 16. Rf1 Qc6 17. Qf4 Qb5 18. Rab1 Qe5 19. Qf3 Qb5 20. Qh3 a6 21. Bd4 Bxd4+ 22. cxd4 Qd5 23. Qh4 e6 24. b3 Rac8 25. Rbe1 Rc2 26. Qf6 Qxg2# 0-1